[Event "Asian Zonal-ch 3.5 Women 2019"]
[Site "Zi Bo"]
[Date "2019.09.10"]
[Round "10.4"]
[White "Zhai, Mo"]
[Black "Li, Xueyi"]
[Result "1-0"]
[WhiteElo "2360"]
[BlackElo "2323"]
[Annotator "NA"]
[PlyCount "89"]
[EventDate "2019.09.05"]
[EventType "swiss"]
[EventCountry "CHN"]
[SourceTitle "playchess.com"]
[Source "ChessBase"]
[SourceQuality "1"]
[TimeControl "5400+30"]

1. d4 {[%emt 0:01:20]} d5 {[%emt 0:00:00]} 2. c4 {[%emt 0:01:22]} c6 {[%emt 0:00:00]} 3. Nf3 {[%emt 0:00:29]} Nf6 {[%emt 0:00:00]} 4. Qc2 {[%emt 0:01:40]} g6 {[%emt 0:00:18]} 5. Bf4 {[%emt 0:00:50]} Bg7 {[%emt 0:00:28]} 6. e3 {[%emt 0:00:30]} O-O {[%emt 0:02:44]} 7. Nbd2 {[%emt 0:08:57] D11: Slav Defence: 3 Nf3 sidelines and 3...Nf6 4 e3 Bg4} (7. cxd5 Bf5 8. Qb3 Bxb1 9. Rxb1 Qa5+ 10. Nd2 Nxd5 11. Bg3 e5 12. dxe5 Nd7 13. Qa3 Qxa3 14. bxa3 b5 {0-1 (57) Romanov,E (2611)-Saric,I (2689) Biograd 2018}) 7... Bf5 {[%emt 0:04:02]} 8. Qb3 {[%emt 0:00:26]} b6 {[%emt 0:07:42]} (8... Qb6 $11 {remains equal.}) 9. cxd5 {[%emt 0:11:23]} Qxd5 $146 {[%emt 0:22:54]} ({Predecessor:} 9... cxd5 10. Rc1 Nbd7 11. Ba6 {1-0 (11) Chiong Zacarias,R (2387)-Yee,L (2084) North Bay 1999}) 10. Bc4 {[%emt 0:01:09]} Qd8 {[%emt 0:03:09]} 11. O-O {[%emt 0:08:30]} b5 {[%emt 0:02:21]} 12. Be2 {[%emt 0:01:02]} Nbd7 {[%emt 0:04:29]} 13. h3 {[%emt 0:14:24]} Ne4 {[%emt 0:05:25]} 14. Rfd1 {[%emt 0:03:33]} a6 {[%emt 0:05:13]} 15. Nxe4 {[%emt 0:07:27]} Bxe4 {[%emt 0:00:06]} 16. Ng5 {[%emt 0:00:37]} Bd5 {[%emt 0:00:30]} 17. Qc2 {[%emt 0:00:22]} h6 {[%emt 0:02:24]} 18. Nf3 {[%emt 0:02:14]} Rc8 {[%emt 0:09:05]} (18... f5 $14) 19. e4 {[%emt 0:03:44]} Be6 {[%emt 0:00:07]} 20. Rac1 {[%emt 0:04:24]} Qa5 {[%emt 0:01:15]} 21. b3 {[%emt 0:00:52]} Qa3 {[%emt 0:06:19]} 22. Qd2 {[%emt 0:04:01]} Kh7 {[%emt 0:06:10]} 23. Ne1 {[%emt 0:02:35]} b4 $18 {[%emt 0:06:57]} (23... Rfd8 $16 {was worth a try.}) 24. Nc2 {[%emt 0:13:41]} Qxa2 {[%emt 0:02:35]} 25. Nxb4 {[%emt 0:00:12]} Qxd2 {[%emt 0:00:33]} 26. Rxd2 {[%emt 0:00:02]} Bxb3 {[%emt 0:04:08]} 27. Bxa6 {[%emt 0:00:17]} Rce8 {[%emt 0:01:44]} 28. Nxc6 {[%emt 0:01:08]} e5 {[%emt 0:00:22]} 29. Bg3 {[%emt 0:00:57]} exd4 {[%emt 0:01:48]} 30. Nxd4 {[%emt 0:00:15]} Bxd4 {[%emt 0:00:49]} 31. Rxd4 {[%emt 0:00:03]} Nf6 {[%emt 0:00:47]} 32. Bb7 {[%emt 0:02:28]} Rd8 {[%emt 0:00:40]} 33. Be5 {[%emt 0:00:28]} Rxd4 {[%emt 0:00:42]} 34. Bxd4 {[%emt 0:00:02]} Rb8 {[%emt 0:00:41]} 35. Bc6 {[%emt 0:00:51]} Rc8 {[%emt 0:00:15]} 36. Rc3 {[%emt 0:00:56]} Rxc6 {[%emt 0:00:39]} 37. Rxc6 {[%emt 0:00:11]} Nxe4 {[%emt 0:00:01]} 38. h4 {[%emt 0:01:24]} h5 {[%emt 0:00:25]} 39. Rc8 {[%emt 0:00:15]} g5 {[%emt 0:00:09]} 40. Rh8+ {[%emt 0:00:29]} Kg6 {[%emt 0:00:07]} 41. Rg8+ {[%emt 0:00:07]} Kh7 {[%emt 0:00:31]} 42. Rg7+ {[%emt 0:01:06]} Kh6 {[%emt 0:00:15]} 43. f3 {[%emt 0:00:10]} f6 {[%emt 0:00:12]} 44. Rb7 {[%emt 0:01:08]} Bd5 {[%emt 0:00:21]} 45. Rd7 {[%emt 0:00:11]} 1-0

[Event "Asian Zonal-ch 3.5 Women 2019"]
[Site "Zi Bo"]
[Date "2019.09.10"]
[Round "10.5"]
[White "Gu, Tianlu"]
[Black "Li, Yunshan"]
[Result "0-1"]
[WhiteElo "2239"]
[BlackElo "2261"]
[Annotator "NA"]
[PlyCount "106"]
[EventDate "2019.09.05"]
[EventType "swiss"]
[EventCountry "CHN"]
[SourceTitle "playchess.com"]
[Source "ChessBase"]
[SourceQuality "1"]
[TimeControl "5400+30"]

1. e4 {[%emt 0:00:00]} c6 {[%emt 0:00:00]} 2. Nc3 {[%emt 0:00:04]} d5 {[%emt 0:00:00]} 3. Nf3 {[%emt 0:00:12]} dxe4 {[%emt 0:00:07]} 4. Nxe4 {[%emt 0:00:07]} Nf6 {[%emt 0:00:13]} 5. Qe2 {[%emt 0:00:08]} Nxe4 {[%emt 0:00:25]} 6. Qxe4 {[%emt 0:00:07]} Qd5 {[%emt 0:02:48] B11: Caro-Kann: Two Knights Variation} (6... Qa5 7. Bd3 Na6 8. Qe5 Qxe5+ 9. Nxe5 Nb4 10. Be4 f6 11. c3 Nd5 12. Nf3 a5 13. d4 a4 14. Bd2 {½-½ (41) Adams,M (2703)-Howell,D (2696) London 2018}) 7. Qf4 {[%emt 0:00:08]} Qf5 {[%emt 0:00:49]} 8. d3 {[%emt 0:00:10]} Qxf4 {[%emt 0:03:30]} 9. Bxf4 {[%emt 0:00:07]} g6 $146 {[%emt 0:15:20]} ({Predecessor:} 9... f6 10. O-O-O e5 11. Be3 c5 12. Nd2 Nc6 13. g3 Bd7 14. Bg2 {0-1 (78) Popov,I (2588)-Swapnil,S (2487) New Delhi 2019}) 10. Be2 {[%emt 0:00:34]} Bg7 {[%emt 0:00:19]} 11. O-O-O {[%emt 0:00:17]} Nd7 {[%emt 0:01:42]} 12. Rhe1 {[%emt 0:00:48]} O-O {[%emt 0:01:42]} 13. Bf1 {[%emt 0:05:58]} Re8 {[%emt 0:00:42]} 14. h3 {[%emt 0:01:22]} Nb6 {[%emt 0:06:51]} 15. Kb1 {[%emt 0:01:57]} h6 {[%emt 0:00:55]} 16. Be5 {[%emt 0:07:50]} Bd7 {[%emt 0:03:40]} 17. Bxg7 {[%emt 0:01:58]} Kxg7 {[%emt 0:00:04]} 18. Ne5 {[%emt 0:00:22]} Be6 {[%emt 0:00:48]} 19. f4 {[%emt 0:01:34]} Nd5 {[%emt 0:02:39]} 20. g3 {[%emt 0:02:03]} h5 {[%emt 0:02:33]} 21. Bg2 {[%emt 0:01:52]} Rad8 {[%emt 0:06:08]} 22. c4 {[%emt 0:05:59]} Nf6 {[%emt 0:04:32]} 23. Kc2 {[%emt 0:02:03]} Rd4 {[%emt 0:05:15]} 24. Kc3 {[%emt 0:05:51]} Red8 {[%emt 0:06:06] [#]} 25. Nf3 {[%emt 0:00:44]} ({White should play} 25. Bxc6 $1 $14 {[%mdl 512]} bxc6 26. Nxc6 {[%mdl 64] Double Attack}) 25... R4d6 {[%emt 0:05:24]} 26. d4 {[%emt 0:05:19]} b5 {[%emt 0:08:43]} 27. b3 {[%emt 0:07:39]} bxc4 {[%emt 0:01:55]} 28. bxc4 {[%emt 0:00:05]} c5 {[%emt 0:00:42]} 29. d5 {[%emt 0:07:27]} Bf5 {[%emt 0:00:45]} 30. g4 {[%emt 0:12:26]} ({Of course not} 30. Rxe7 Ne4+ 31. Rxe4 Bxe4 $19) (30. Nh4 $15) 30... hxg4 {[%emt 0:00:24]} 31. hxg4 {[%emt 0:00:04]} Nxg4 {[%emt 0:06:26]} ({Don't play} 31... Bxg4 32. Rxe7 Ra6 33. Rb1 $15) 32. Rxe7 {[%emt 0:02:09]} Nf2 {[%emt 0:00:18]} 33. Rde1 {[%emt 0:01:14]} Nd3 {[%emt 0:00:34] Double Attack} 34. Rg1 {[%emt 0:01:47]} (34. Rb1 $17 Nxf4 35. Rbb7) 34... Nxf4 {[%emt 0:02:57]} 35. Nh4 {[%emt 0:01:26]} (35. Ng5 $17 R8d7 36. Ree1) 35... Kf6 $19 {[%emt 0:04:50]} 36. Re3 {[%emt 0:02:22]} Ra6 {[%emt 0:00:55]} 37. Nxf5 {[%emt 0:04:09]} gxf5 {[%emt 0:02:04]} 38. Bf3 {[%emt 0:03:44]} Ra3+ {[%emt 0:00:13]} 39. Kd2 {[%emt 0:00:07]} Rxa2+ {[%emt 0:00:05]} 40. Kc3 {[%emt 0:01:19]} Rb8 {[%emt 0:00:40]} 41. Rge1 {[%emt 0:00:47]} Rab2 {[%emt 0:03:59]} 42. Bd1 {[%emt 0:00:22]} Ng2 {[%emt 0:00:42]} 43. R3e2 {[%emt 0:00:28]} Nxe1 {[%emt 0:00:12]} 44. Rxb2 {[%emt 0:00:04]} Rxb2 {[%emt 0:00:02]} 45. Kxb2 {[%emt 0:00:06]} Nd3+ {[%emt 0:02:00]} 46. Kc3 {[%emt 0:00:09]} Nf2 {[%emt 0:00:10]} 47. Bf3 {[%emt 0:01:34]} Ne4+ {[%emt 0:00:28]} 48. Kd3 {[%emt 0:00:11]} Ke5 {[%emt 0:00:06]} 49. Be2 {[%emt 0:01:35]} Kf4 {[%emt 0:00:20]} 50. Bh5 {[%emt 0:00:18]} Nd6 {[%emt 0:00:08]} 51. Ke2 {[%emt 0:01:30]} Ke4 {[%emt 0:00:20]} 52. Kf2 {[%emt 0:00:24]} Kd4 {[%emt 0:00:55]} 53. Be2 {[%emt 0:00:08]} a5 {[%emt 0:00:40]} 0-1

[Event "Asian Zonal-ch 3.5 Women 2019"]
[Site "Zi Bo"]
[Date "2019.09.10"]
[Round "10.6"]
[White "Song, Yuxin"]
[Black "Yan, Tianqi"]
[Result "1-0"]
[WhiteElo "2305"]
[BlackElo "2122"]
[Annotator "TA"]
[PlyCount "45"]
[EventDate "2019.09.05"]
[EventType "swiss"]
[EventCountry "CHN"]
[SourceTitle "playchess.com"]
[Source "ChessBase"]
[SourceQuality "1"]

{[%evp 15,45,25,43,24,30,0,7,7,39,-4,46,47,65,69,59,60,320,318,494,467,441,396,689,675,1182,1158,1331,1295,2454,2429,2081,2002]} 1. e4 c5 2. Nf3 e6 3. d4 cxd4 4. Nxd4 a6 5. c4 Qc7 6. Nc3 Nf6 7. Be2 Bb4 8. Qd3 Nc6 9. Nxc6 {B41: Sicilian: Kan Variation: 5 c4} dxc6 10. f4 e5 $146 ({Predecessor:} 10... O-O 11. O-O Rd8 12. Qf3 e5 13. f5 Nd7 14. g4 Bc5+ 15. Kh1 b5 16. g5 Nf8 {1-0 (32) Hua,D (2304)-Moradiabadi,E (2598) Greensboro 2014}) 11. f5 {The position is equal.} b5 12. O-O Bb7 13. Qg3 (13. cxb5 cxb5 14. Bf3 Rd8 $15) 13... Bxc3 14. Qxg7 {[%mdl 64] Double Attack} Bd4+ 15. Kh1 Ke7 $2 {[%mdl 8192]} (15... Rg8 $14 16. Qxf6 Qe7) 16. Bg5 $18 Qd6 {[#]} (16... Raf8 $142) 17. c5 $1 {[%mdl 512]} Bxc5 {Strongly threatening ...h6!} 18. Rad1 Bd4 $2 (18... Rhg8 19. Bxf6+ (19. Rxd6 Rxg7 20. Bxf6+ Kxd6 $17) 19... Qxf6 20. Rd7+ {[%mdl 64] Deflection} Kxd7 21. Qxf6 Kc7 22. Qxf7+ Kb6) 19. Bh5 {White is clearly winning.} Raf8 {[#] aiming for ...Rhg8.} 20. Rxd4 $1 {[%mdl 576] Remove Defender} exd4 {[#]} (20... Qxd4 21. Bxf6+) 21. e5 $1 {[%cal Re5d6][%mdl 576] Double Attack, Pin} Qd5 (21... Qxe5 22. Bxf6+) 22. Bxf6+ Kd7 {[#]} 23. Bxf7 $1 {[%mdl 576] Remove Defender. Accuracy: White = 68%, Black = 19%.} 1-0

[Event "Asian Zonal-ch 3.5 Women 2019"]
[Site "Zi Bo"]
[Date "2019.09.10"]
[Round "10.7"]
[White "Zhang, Xiao"]
[Black "Hu, Yu A."]
[Result "1/2-1/2"]
[WhiteElo "2073"]
[BlackElo "2105"]
[Annotator "TA"]
[PlyCount "61"]
[EventDate "2019.09.05"]
[EventType "swiss"]
[EventCountry "CHN"]
[SourceTitle "playchess.com"]
[Source "ChessBase"]
[SourceQuality "1"]

{[%evp 22,61,11,25,0,0,0,-7,-6,-13,0,-29,-16,-23,-9,-63,-74,-66,-57,-68,-62,-90,-79,-67,-3,-3,-4,-4,-1,-4,-3,-8,0,0,0,0,0,-34,0,-22,-26,-33]} 1. d4 Nf6 2. c4 e6 3. Nf3 d5 4. Nc3 Nbd7 5. Bg5 Be7 6. e3 h6 7. Bh4 O-O 8. Bd3 dxc4 9. Bxc4 c5 10. O-O a6 11. a4 cxd4 12. Nxd4 Qb6 {D60: Queen's Gambit Declined: Classical: Unusual White 7th moves} (12... Nb6 13. Be2 Nbd5 14. Nxd5 Nxd5 15. Bxe7 Qxe7 16. Qb3 b6 17. Bf3 Bb7 18. Nf5 exf5 19. Bxd5 Bxd5 20. Qxd5 {½-½ (33) Nakamura,H (2769)-Carlsen,M (2843) Stavanger 2018}) 13. Qe2 Ne5 14. Ba2 Bd7 $146 {The position is equal.} ({Predecessor:} 14... Ng6 15. Bg3 Bd6 16. a5 Qc7 17. Bxd6 Qxd6 18. Rfd1 Qb4 19. Bb1 {1-0 (40) Berger,F (1768)-Osten,S (1635) Baiersbronn 1998}) 15. Rad1 Rfd8 16. Bb1 (16. f4 $5 {[%cal Rf4e5]} Ng6 17. Bxf6 Bxf6 18. f5 $11) 16... Nc6 17. Nf3 Be8 18. e4 (18. h3 $11) 18... Rxd1 $15 19. Rxd1 Rd8 20. Rxd8 Qxd8 21. Qd3 Qxd3 22. Bxd3 Nd7 ({Black should play} 22... g5 $15 23. Bg3 Nd7) 23. Bxe7 $11 Nxe7 24. b4 Nc6 25. b5 Nb4 26. Bc4 Nb6 27. Be2 axb5 28. axb5 Kf8 29. e5 N6d5 30. Nxd5 Nxd5 31. Nd4 {Accuracy: White = 40%, Black = 60%.} 1/2-1/2

[Event "Asian Zonal-ch 3.5 Women 2019"]
[Site "Zi Bo"]
[Date "2019.09.10"]
[Round "10.8"]
[White "Yuan, Ye"]
[Black "Bai, Xue"]
[Result "1/2-1/2"]
[WhiteElo "2092"]
[BlackElo "2093"]
[Annotator "NA RC"]
[PlyCount "55"]
[EventDate "2019.09.05"]
[EventType "swiss"]
[EventCountry "CHN"]
[SourceTitle "playchess.com"]
[Source "ChessBase"]
[SourceQuality "1"]
[TimeControl "5400+30"]

{[%evp 10,52,36,32767,42,32767,32767,77,32767,71,110,80,103,71,77,30,32767,36,32767,32767,32767,32767,32767,32767,32767,32767,32767,32767,32767,5,9,5,12,32767,32767,32767,4,32767,0,0,0,-22,-31,-30,0]} 1. Nf3 {[%emt 0:00:43]} Nf6 {[%emt 0:00:00]} 2. g3 {[%emt 0:04:35]} e6 {[%emt 0:00:33]} 3. Bg2 {[%emt 0:00:22]} d5 {[%emt 0:00:09]} 4. O-O {[%emt 0:00:52]} c5 {[%emt 0:00:13]} 5. c4 {[%emt 0:10:07]} Nc6 {[%emt 0:01:54]} 6. d3 {[%emt 0:00:42] A30: Symmetrical English: Double Fianchetto and Hedgehog} (6. d4 Be7 7. cxd5 Nxd5 8. dxc5 Bxc5 9. a3 O-O 10. b4 Be7 11. Bb2 Bf6 12. Bxf6 Qxf6 13. Ra2 Bd7 14. Qc1 Rfc8 15. Qb2 a5 16. bxa5 Qxb2 17. Rxb2 Nxa5 18. Ne5 Be8 {0-1 (38) Blomqvist,E (2567)-Safarli,E (2691) London 2016}) 6... dxc4 {[%emt 0:04:08]} 7. dxc4 {[%emt 0:00:13]} Qxd1 {[%emt 0:02:07]} 8. Rxd1 {[%emt 0:00:07]} Bd7 {[%emt 0:00:37]} 9. Nc3 {[%emt 0:02:37]} O-O-O $146 {[%emt 0:02:55]} ({Predecessor:} 9... a6 10. Na4 O-O-O 11. Bf4 e5 12. Bxe5 Nxe5 13. Nxe5 Bxa4 14. Rxd8+ Kxd8 15. Nxf7+ {1-0 (52) Speer,D (1820)-Weng,P (1778) Muenster 2005}) 10. Bf4 {[%emt 0:13:30]} Nh5 {[%emt 0:03:34]} 11. Bg5 {[%emt 0:00:35]} Nf6 {[%emt 0:03:13]} 12. Rd2 {[%emt 0:02:33]} Be7 {[%emt 0:02:23]} 13. Rad1 {[%emt 0:00:55]} h6 {[%emt 0:00:34]} 14. Bf4 {[%emt 0:00:20]} g5 {[%emt 0:02:34]} 15. Bd6 {[%emt 0:01:21]} Bxd6 {[%emt 0:02:04]} 16. Rxd6 {[%emt 0:00:06]} g4 {[%emt 0:06:38]} 17. Nh4 {[%emt 0:00:32]} Ne5 {[%emt 0:00:27]} 18. b3 {[%emt 0:00:12]} Bc6 {[%emt 0:00:25]} 19. Rxd8+ {[%emt 0:03:07]} Rxd8 {[%emt 0:00:07]} 20. Rxd8+ {[%emt 0:00:10]} Kxd8 {[%emt 0:00:04]} 21. Kf1 {[%emt 0:00:22]} Kc7 {[%emt 0:00:20]} 22. Ke1 {[%emt 0:00:13]} a6 {[%emt 0:00:44]} 23. Kd2 {[%emt 0:01:14]} Bxg2 {[%emt 0:00:29]} 24. Nxg2 {[%emt 0:00:02]} Kc6 {[%emt 0:01:09]} 25. a4 {[%emt 0:01:26]} Kc7 {[%emt 0:00:22]} 26. Kc2 $11 {[%emt 0:00:04]} Kc6 {[%emt 0:00:20]} 27. Kd2 {[%emt 0:00:06]} Kc7 {[%emt 0:00:48]} 28. Kc2 {[%emt 0:00:02]} 1/2-1/2

[Event "Asian Zonal-ch 3.5 Women 2019"]
[Site "Zi Bo"]
[Date "2019.09.10"]
[Round "10.9"]
[White "Ha, Yihan"]
[Black "Cai Youyang"]
[Result "0-1"]
[WhiteElo "1580"]
[BlackElo "1910"]
[Annotator "NA RC"]
[PlyCount "91"]
[EventDate "2019.09.05"]
[EventType "swiss"]
[EventCountry "CHN"]
[SourceTitle "playchess.com"]
[Source "ChessBase"]
[SourceQuality "1"]
[TimeControl "5400+30"]

1. d4 {[%emt 0:00:00]} d5 {[%emt 0:00:06]} 2. c4 {[%emt 0:00:00]} e6 {[%emt 0:00:04]} 3. Nc3 {[%emt 0:00:00]} Nf6 {[%emt 0:00:10]} 4. cxd5 {[%emt 0:00:00]} exd5 {[%emt 0:00:04]} 5. Bg5 {[%emt 0:00:00]} c6 {[%emt 0:00:08]} 6. e3 {[%emt 0:00:01]} Be7 {[%emt 0:00:08]} 7. Bd3 {[%emt 0:00:07]} h6 {[%emt 0:00:17]} 8. Bh4 {[%emt 0:00:38]} O-O {[%emt 0:00:09]} 9. Qc2 {[%emt 0:00:11]} Nbd7 {[%emt 0:00:05]} 10. Nge2 {[%emt 0:00:39]} Re8 {[%emt 0:00:10]} 11. O-O {[%emt 0:01:13]} Nf8 {[%emt 0:00:54]} 12. Rab1 {[%emt 0:00:46]} Ne6 {[%emt 0:01:49] D36: Queen's Gambit Declined: Exchange Variation: Main line (5 Bg5 c6 6 Qc2)} (12... a5 13. Rbe1 Ne4 14. Bxe7 Qxe7 15. Bxe4 dxe4 16. Ng3 b6 17. Rc1 Ba6 18. Rfe1 Bd3 19. Qd1 Qe6 20. f3 {½-½ (36) Vayser,V (2457)-Dimov,I (2497) ICCF email 2012}) 13. b4 {[%emt 0:00:38]} b6 {[%emt 0:01:38]} 14. b5 $146 {[%emt 0:02:56]} ({Predecessor:} 14. Bxf6 Bxf6 15. b5 Bd7 16. bxc6 Bxc6 17. Bb5 Qd7 18. Qf5 Red8 19. Bd3 Nf8 20. Rfc1 Qxf5 21. Bxf5 {1-0 (59) Blondel,F (1975)-Kuerten,D (2139) ICCF email 2013}) 14... c5 {[%emt 0:00:44]} 15. dxc5 {[%emt 0:00:58]} bxc5 {[%emt 0:00:43]} 16. Bxf6 {[%emt 0:01:23]} Bxf6 {[%emt 0:00:46] [#]} 17. Nxd5 $1 {[%emt 0:02:42]} Bb7 {[%emt 0:13:00]} 18. Nxf6+ {[%emt 0:01:23]} Qxf6 {[%emt 0:00:05]} 19. f3 {[%emt 0:18:55]} Rad8 {[%emt 0:03:15]} 20. Rbe1 {[%emt 0:10:53]} Ng5 {[%emt 0:05:17]} 21. Nf4 {[%emt 0:01:39]} Qb6 {[%emt 0:01:32] [#]} (21... Ne6 $16) 22. Bc4 $1 {[%emt 0:02:48]} Ne6 {[%emt 0:03:07]} 23. Nxe6 {[%emt 0:01:38]} fxe6 {[%emt 0:00:06]} 24. Qg6 {[%emt 0:00:19]} Bd5 {[%emt 0:01:29]} 25. Bd3 {[%emt 0:00:55]} e5 {[%emt 0:00:10]} 26. a4 $2 {[%emt 0:03:13]} (26. Qh7+ $18 Kf8 27. Be4) 26... e4 {[%emt 0:01:33]} 27. Qxb6 {[%emt 0:02:49]} axb6 {[%emt 0:01:06]} 28. fxe4 {[%emt 0:11:09]} Bb3 {[%emt 0:00:24]} 29. Be2 {[%emt 0:03:56]} Rxe4 {[%emt 0:00:47]} 30. Bd1 {[%emt 0:01:40]} (30. a5 $11) 30... Bxa4 {[%emt 0:01:01]} 31. Bxa4 {[%emt 0:01:51]} Rxa4 {[%emt 0:00:02]} 32. Rb1 {[%emt 0:06:05]} Rd3 {[%emt 0:00:10]} 33. Kf2 {[%emt 0:02:59]} Ra2+ {[%emt 0:00:50]} 34. Kf3 {[%emt 0:00:41]} Rdd2 {[%emt 0:00:04]} 35. Rg1 {[%emt 0:00:29]} Rab2 {[%emt 0:02:30]} 36. Ke4 {[%emt 0:02:49]} Rxg2 {[%emt 0:03:22]} 37. Kd5 {[%emt 0:00:45]} Rxb5 {[%emt 0:03:03]} 38. Rxb5 {[%emt 0:00:20]} Rxg1 {[%emt 0:00:01]} 39. Rxb6 {[%emt 0:00:13]} Rg5+ {[%emt 0:00:24]} 40. Kc4 {[%emt 0:00:28]} (40. Kd6 $1 $11) 40... Re5 {[%emt 0:00:12]} 41. Rb3 {[%emt 0:04:54]} Kf7 $19 {[%emt 0:00:20]} 42. Rd3 {[%emt 0:05:44]} Kf6 {[%emt 0:02:37]} 43. Rd5 {[%emt 0:01:08]} Rxe3 {[%emt 0:00:09]} 44. Kxc5 {[%emt 0:00:18]} Re2 {[%emt 0:00:37]} 45. h4 {[%emt 0:01:29]} Re5 {[%emt 0:00:51]} 46. Kd4 {[%emt 0:00:35]} 0-1

[Event "Asian Zonal-ch 3.5 Women 2019"]
[Site "Zi Bo"]
[Date "2019.09.10"]
[Round "10.10"]
[White "Zhao, Shengxin"]
[Black "Wang, Yuehan"]
[Result "1/2-1/2"]
[WhiteElo "2162"]
[BlackElo "1600"]
[Annotator "NA"]
[PlyCount "96"]
[EventDate "2019.09.05"]
[EventType "swiss"]
[EventCountry "CHN"]
[SourceTitle "playchess.com"]
[Source "ChessBase"]
[SourceQuality "1"]
[TimeControl "5400+30"]

1. d4 {[%emt 0:00:00]} Nf6 {[%emt 0:00:00]} 2. c4 {[%emt 0:00:28]} ({Predecessor:} 2. Nf3 d5 3. c4 e6 4. g3 c6 5. Nbd2 Bd6 6. Bg2 Nbd7 7. Qc2 b6 8. cxd5 cxd5 9. Qc6 Qc7 10. Qxa8 O-O {0-1 (59) Goepfert,J (2023)-Urban,R (2052) Hamburg 2016}) 2... e6 {[%emt 0:00:00]} 3. g3 {[%emt 0:00:04]} d5 {[%emt 0:00:00]} 4. Bg2 {[%emt 0:00:04]} c6 {[%emt 0:00:00]} 5. Nf3 {[%emt 0:00:26]} Nbd7 {[%emt 0:01:11]} 6. Qc2 {[%emt 0:04:38]} Bd6 {[%emt 0:00:33]} 7. O-O {[%emt 0:00:55]} O-O {[%emt 0:00:21]} 8. Nbd2 {[%emt 0:01:00]} b6 {[%emt 0:01:27]} 9. cxd5 $146 {[%emt 0:05:17] E01: Catalan: Early deviations} (9. e4 dxe4 10. Nxe4 Nxe4 11. Qxe4 Bb7 12. Bg5 Qc7 13. Rad1 Rae8 14. Rfe1 c5 15. Qe2 e5 16. dxe5 Nxe5 17. Nxe5 Rxe5 18. Qd2 Bxg2 19. Kxg2 Qc6+ {½-½ (60) Harika,D (2513)-Gunina,V (2516) Rome 2015}) 9... cxd5 {[%emt 0:00:20]} 10. Qc6 {[%emt 0:00:06]} Qc7 {[%emt 0:03:08]} 11. Qxa8 {[%emt 0:03:03]} Ba6 {[%emt 0:16:55]} 12. Qxf8+ $1 {[%emt 0:00:23]} Kxf8 {[%emt 0:01:47]} 13. Re1 {[%emt 0:00:38]} Qc2 {[%emt 0:00:34]} 14. Bf1 {[%emt 0:20:08]} Ne4 {[%emt 0:02:46]} 15. e3 {[%emt 0:09:00]} Bxf1 {[%emt 0:01:19]} 16. Rxf1 {[%emt 0:01:08]} Ndf6 {[%emt 0:04:17]} 17. a3 {[%emt 0:06:01]} a5 {[%emt 0:01:18]} (17... h5 $19 18. h4 {[#]} Bxg3 $1 {[%mdl 512]} 19. fxg3 Nxg3) 18. b4 {[%emt 0:03:34]} a4 {[%emt 0:08:07]} 19. Rb1 {[%emt 0:10:34]} Qd3 {[%emt 0:12:49]} 20. Ne1 {[%emt 0:05:48]} Qc3 {[%emt 0:03:48]} 21. Ndf3 {[%emt 0:13:28]} (21. Nef3 $17) 21... g5 {[%emt 0:06:25]} 22. Ne5 {[%emt 0:03:32]} Bxe5 {[%emt 0:08:14]} 23. dxe5 {[%emt 0:00:52]} Qxe5 {[%emt 0:00:44]} 24. b5 {[%emt 0:04:46]} Nc3 {[%emt 0:01:59]} 25. Rb2 {[%emt 0:02:37]} g4 {[%emt 0:05:27]} 26. f4 {[%emt 0:00:59]} Qe4 $19 {[%emt 0:00:51]} 27. Rb4 {[%emt 0:00:30]} d4 {[%emt 0:01:55]} 28. Rf2 {[%emt 0:02:00]} dxe3 {[%emt 0:03:53]} 29. Rc2 {[%emt 0:00:27]} Qd5 {[%emt 0:05:12]} 30. Rxc3 {[%emt 0:00:01]} Qd1 {[%emt 0:00:05]} 31. Kf1 {[%emt 0:01:00]} Nd5 {[%emt 0:01:48]} 32. Rc8+ {[%emt 0:00:13]} Kg7 {[%emt 0:00:05]} 33. Re4 {[%emt 0:02:03]} Qb3 {[%emt 0:00:22]} 34. Rd4 {[%emt 0:00:35]} Qxb5+ {[%emt 0:00:27]} 35. Nd3 {[%emt 0:00:19]} Qb1 {[%emt 0:00:51]} 36. Ke2 {[%emt 0:00:33]} Ne7 {[%emt 0:02:14]} 37. Rb4 {[%emt 0:00:39]} Qa2+ {[%emt 0:01:10]} 38. Bb2+ {[%emt 0:00:01]} Kh6 {[%emt 0:00:54]} 39. Rc2 {[%emt 0:00:55]} Qd5 {[%emt 0:00:38]} 40. Kxe3 {[%emt 0:00:39]} Qf3+ {[%emt 0:00:04]} 41. Kd2 {[%emt 0:00:03]} Nd5 {[%emt 0:01:48]} 42. Bd4 {[%emt 0:00:50]} Qg2+ {[%emt 0:01:02]} 43. Kd1 {[%emt 0:00:36]} Qf3+ {[%emt 0:00:53]} 44. Kd2 {[%emt 0:00:06]} Qg2+ {[%emt 0:00:04]} 45. Kd1 {[%emt 0:00:27]} Qf3+ {[%emt 0:00:02]} 46. Kd2 {[%emt 0:00:19]} Qg2+ {[%emt 0:00:04]} 47. Kd1 {[%emt 0:00:43]} Qf3+ {[%emt 0:00:01]} 48. Kd2 {[%emt 0:00:32]} Qg2+ {[%emt 0:00:04]} 1/2-1/2

[Event "Asian Zonal-ch 3.5 Women 2019"]
[Site "Zi Bo"]
[Date "2019.09.10"]
[Round "10.11"]
[White "Zhou, Zirun"]
[Black "Xue, Yue"]
[Result "1-0"]
[WhiteElo "2155"]
[BlackElo "1678"]
[Annotator "RC"]
[PlyCount "63"]
[EventDate "2019.09.05"]
[EventType "swiss"]
[EventCountry "CHN"]
[SourceTitle "playchess.com"]
[Source "ChessBase"]
[SourceQuality "1"]
[TimeControl "5400+30"]

1. d4 {[%emt 0:00:00]} Nf6 {[%emt 0:00:00]} 2. c4 {[%emt 0:00:00]} g6 {[%emt 0:00:00]} 3. Nf3 {[%emt 0:00:00]} Bg7 {[%emt 0:00:00]} 4. Nc3 {[%emt 0:01:25]} d5 {[%emt 0:00:27]} 5. g3 {[%emt 0:03:21]} O-O {[%emt 0:02:56]} 6. Bg2 {[%emt 0:00:16]} c6 {[%emt 0:01:02]} 7. cxd5 {[%emt 0:00:15]} cxd5 {[%emt 0:00:58]} 8. O-O {[%emt 0:00:09]} Nc6 {[%emt 0:00:03]} 9. Ne5 {[%emt 0:00:11]} Bf5 {[%emt 0:05:07]} 10. e3 {[%emt 0:03:26]} Ne4 {[%emt 0:09:48]} 11. Nxc6 {[%emt 0:01:50]} bxc6 {[%emt 0:00:18]} 12. Nxe4 {[%emt 0:00:20]} Bxe4 {[%emt 0:00:02]} 13. Bxe4 {[%emt 0:00:10]} dxe4 {[%emt 0:00:02]} 14. Qc2 {[%emt 0:00:47]} Qd5 {[%emt 0:00:17]} 15. Bd2 {[%emt 0:00:57]} Rfd8 {[%emt 0:01:11]} 16. Bb4 {[%emt 0:02:10]} e5 {[%emt 0:05:59]} 17. dxe5 {[%emt 0:00:13]} Qxe5 {[%emt 0:00:52]} 18. Bc3 {[%emt 0:02:08]} Qe6 {[%emt 0:00:31]} 19. Bxg7 {[%emt 0:00:50]} Kxg7 {[%emt 0:00:02]} 20. b3 {[%emt 0:00:23]} Rd5 {[%emt 0:06:12]} 21. Rac1 {[%emt 0:00:42]} Rh5 {[%emt 0:06:30]} 22. Qc3+ {[%emt 0:05:57]} Kh6 {[%emt 0:02:19]} 23. f4 {[%emt 0:03:22]} exf3 {[%emt 0:00:46]} 24. Rxf3 {[%emt 0:00:07]} Rc8 {[%emt 0:00:41]} 25. Rf6 {[%emt 0:03:46]} Qe7 {[%emt 0:03:56]} 26. Rcf1 {[%emt 0:11:02]} Rc5 {[%emt 0:05:45]} 27. Rxf7 {[%emt 0:01:53]} Qxf7 {[%emt 0:00:06]} 28. Qxc5 {[%emt 0:00:06]} Qd7 {[%emt 0:00:40]} 29. Qd4 {[%emt 0:04:34]} Qe7 {[%emt 0:07:58]} 30. Rf4 {[%emt 0:00:14]} g5 {[%emt 0:00:48]} 31. Rf6+ {[%emt 0:00:11]} Kh5 {[%emt 0:00:02]} 32. g4+ {[%emt 0:00:05]} 1-0